000 01470nam0a22002891 4500
001 rc\86108
005 20260405101459.0
010 _a5-89516-005-0
_92000
035 _a(NLR Aleph) 005354004
090 _a6827337
_c6827337
100 _a20021216d1997 |||y0rusy50 ca
101 0 _arus
102 _aRU
105 _aa |||||||||
200 1 _aПодростки в северном городе
_eПроблемы реабилитации "трудных"
_f[Т.А. Ишутина, П.Ф. Макаренко, Б.С. Павлов и др.
_gПод общ. ред. Б.С. Павлова, В.Ф. Ивановой]
_gГл. упр. образования Администрации Ямало-Ненец. авт. окр. и др.
210 _aЕкатеринбург
_aНадым
_cСВ-96
_d1997
215 _a471 с.
_cил.
_d22
300 _aАвт. указаны на обороте тит. л.
300 _aВ надзаг. также: Надым. упр. нар. образования и науки, Ин-т экономики Урал. отд-ния РАН, Науч.-исслед. центр "Горизонт-М"
320 _aБиблиогр.: с. 464-471 (177 назв.)
702 1 _4340
_8rus
_7ca
_aПавлов
_bБ. С.
_cд-р филос. наук
_f1941-
_gБорис Сергеевич
_3RU\NLR\AUTH\7737402
_920391
801 0 _aRU
_bNLR
_gpsbo
801 1 _aRU
_bELAR
_2rusmarc
852 _aNLR
_j97-3/9518
942 _cBOOK
980 _aNB